Statistics for Top 10 richest NBA players

Click here to take the quiz!

General Stats

  • This quiz has been taken 60 times
  • The average score is 6 of 10

Answer Stats

#MoneyHeightAnswer% Correct
11.1 billion6'6"Michael Jordan
96%
5309 million6'8"LeBron James
95%
3351 million7'1"Shaquille O`neal
84%
4324 million6'6"Kobe Bryant
79%
2517 million6'9"Magic Johnson
77%
10127 million6'11"Tim Duncan
46%
6211 million7'0''Hakeem Olajuwon
41%
7190 million6'11"Kevin Garnett
36%
8187 million6'8"Grant Hill
21%
9130 million6'4"Gary Payton
13%

Score Distribution

Percentile by Number Answered

Percent of People with Each Score

Your Score History

You have not taken this quiz